<?xml version="1.0" encoding="UTF-8"?>
<record
    xmlns:xsi="http://www.w3.org/2001/XMLSchema-instance"
    xsi:schemaLocation="http://www.loc.gov/MARC21/slim http://www.loc.gov/standards/marcxml/schema/MARC21slim.xsd"
    xmlns="http://www.loc.gov/MARC21/slim">

  <leader>01778cas a2200301 i 4500</leader>
  <controlfield tag="001">000028801</controlfield>
  <controlfield tag="003">DO-SdBNP</controlfield>
  <controlfield tag="005">20250718152834.0</controlfield>
  <controlfield tag="007">ta</controlfield>
  <controlfield tag="008">110412e2003    dr acop r    ||00 | spa d</controlfield>
  <datafield tag="040" ind1=" " ind2=" ">
    <subfield code="a">DO-SdBNP</subfield>
    <subfield code="b">spa</subfield>
    <subfield code="c">BNPHU</subfield>
    <subfield code="e">rda</subfield>
  </datafield>
  <datafield tag="100" ind1="1" ind2=" ">
    <subfield code="a">C&#xF3;rdova, Cuqui,</subfield>
    <subfield code="d">1929-2020</subfield>
    <subfield code="9">54809</subfield>
  </datafield>
  <datafield tag="245" ind1="1" ind2="0">
    <subfield code="a">Historia del b&#xE9;isbol dominicano /</subfield>
    <subfield code="c">Cuqui C&#xF3;rdova.</subfield>
  </datafield>
  <datafield tag="264" ind1=" " ind2="1">
    <subfield code="a">Santo Domingo, Rep&#xFA;blica Dominicana :</subfield>
    <subfield code="b">Omnimedia,</subfield>
    <subfield code="c">2003.</subfield>
  </datafield>
  <datafield tag="300" ind1=" " ind2=" ">
    <subfield code="a">volumen : </subfield>
    <subfield code="b">ilustraciones, fotograf&#xED;as, retratos ; </subfield>
    <subfield code="c">28 cm.</subfield>
  </datafield>
  <datafield tag="310" ind1=" " ind2=" ">
    <subfield code="a">Anual.</subfield>
  </datafield>
  <datafield tag="336" ind1=" " ind2=" ">
    <subfield code="a">texto</subfield>
    <subfield code="b">txt</subfield>
    <subfield code="2">rdacontent</subfield>
  </datafield>
  <datafield tag="337" ind1=" " ind2=" ">
    <subfield code="a">sin mediaci&#xF3;n</subfield>
    <subfield code="b">n</subfield>
    <subfield code="2">rdamedia</subfield>
  </datafield>
  <datafield tag="338" ind1=" " ind2=" ">
    <subfield code="a">volumen</subfield>
    <subfield code="b">nc</subfield>
    <subfield code="2">rdacarrier</subfield>
  </datafield>
  <datafield tag="362" ind1=" " ind2=" ">
    <subfield code="a">Colecci&#xF3;n No. 8, 2003.</subfield>
  </datafield>
  <datafield tag="500" ind1=" " ind2=" ">
    <subfield code="a">La biblioteca posee los vol&#xFA;menes 1, 2, 4, 5, 11, 12, 13, 14, 15, 16 y 17.</subfield>
  </datafield>
  <datafield tag="505" ind1="0" ind2=" ">
    <subfield code="a">volumen, 1 /</subfield>
    <subfield code="r">Osvaldo Virgil --</subfield>
    <subfield code="t">Primer dominicano en jugar en grandes ligas --</subfield>
    <subfield code="g">volumen 2 /</subfield>
    <subfield code="r">Tetelo Vargas --</subfield>
    <subfield code="t">El gamo</subfield>
    <subfield code="g">volumen 4 /</subfield>
    <subfield code="r">Juan Marichal --</subfield>
    <subfield code="t">El monstruo de laguna verde --</subfield>
    <subfield code="g">volumen 5 /</subfield>
    <subfield code="r">Guayub&#xED;n Olivo --</subfield>
    <subfield code="t">La monta&#xF1;a Nordestana --</subfield>
    <subfield code="g">volumen 11 /</subfield>
    <subfield code="r">Ventura Escalante --</subfield>
    <subfield code="t">El loro --</subfield>
    <subfield code="g">volumen 12 /</subfield>
    <subfield code="r">Los hemanos B&#xE1;ez --</subfield>
    <subfield code="t">Los tres grillos (A, B y C) --</subfield>
    <subfield code="g">volumen13 --</subfield>
    <subfield code="r">Los campeones profesionales 1922, 1923, 1924 y 1929 --</subfield>
    <subfield code="g">volumen 14 /</subfield>
    <subfield code="r">Ricardo Carty --</subfield>
    <subfield code="t">El ca&#xF1;on oriental --</subfield>
    <subfield code="g">volumen 15 --</subfield>
    <subfield code="t">El campeonato de 1936.</subfield>
    <subfield code="g">volumen 16 --</subfield>
    <subfield code="t">La verdad sobre la tragedia de r&#xED;o verde; un error humano la provoc&#xF3; --</subfield>
    <subfield code="g">volumen 17--</subfield>
    <subfield code="t">Pepe Lucas,  el mayor jonronero de su &#xE9;poca.
</subfield>
  </datafield>
  <datafield tag="590" ind1=" " ind2=" ">
    <subfield code="a">Inventariado, 2022/BT.</subfield>
  </datafield>
  <datafield tag="650" ind1=" " ind2="4">
    <subfield code="a">Historia del b&#xE9;isbol dominicano </subfield>
    <subfield code="9">83020</subfield>
    <subfield code="v">Publicaciones peri&#xF3;dicas </subfield>
  </datafield>
  <datafield tag="650" ind1=" " ind2="4">
    <subfield code="a"> Beisbolistas</subfield>
    <subfield code="z">Rep&#xFA;blica Dominicana</subfield>
    <subfield code="9">83021</subfield>
    <subfield code="v">Publicaciones peri&#xF3;dicas </subfield>
  </datafield>
  <datafield tag="910" ind1=" " ind2=" ">
    <subfield code="a">Btav&#xE1;rez / Validado. Control de calidad. MAA</subfield>
  </datafield>
  <datafield tag="942" ind1=" " ind2=" ">
    <subfield code="2">ddc</subfield>
    <subfield code="c">ISSUE</subfield>
  </datafield>
  <datafield tag="952" ind1=" " ind2=" ">
    <subfield code="0">0</subfield>
    <subfield code="1">0</subfield>
    <subfield code="2">ddc</subfield>
    <subfield code="4">0</subfield>
    <subfield code="5">6</subfield>
    <subfield code="7">0</subfield>
    <subfield code="8">SE</subfield>
    <subfield code="a">BNPHU</subfield>
    <subfield code="b">BNPHU</subfield>
    <subfield code="c">HD</subfield>
    <subfield code="d">2011-04-12</subfield>
    <subfield code="e">Dep&#xF3;sito Legal</subfield>
    <subfield code="h">Colecci&#xF3;n No. 4</subfield>
    <subfield code="p">28801-30</subfield>
    <subfield code="r">2020-06-25</subfield>
    <subfield code="t">v.4, e.3</subfield>
    <subfield code="w">2020-06-25</subfield>
    <subfield code="y">ISSUE</subfield>
  </datafield>
  <datafield tag="952" ind1=" " ind2=" ">
    <subfield code="0">0</subfield>
    <subfield code="1">0</subfield>
    <subfield code="2">ddc</subfield>
    <subfield code="4">0</subfield>
    <subfield code="5">6</subfield>
    <subfield code="7">0</subfield>
    <subfield code="8">SE</subfield>
    <subfield code="a">BNPHU</subfield>
    <subfield code="b">BNPHU</subfield>
    <subfield code="c">HD</subfield>
    <subfield code="d">2011-04-12</subfield>
    <subfield code="e">Dep&#xF3;sito Legal</subfield>
    <subfield code="h">Colecci&#xF3;n No. 4</subfield>
    <subfield code="p">28801-40</subfield>
    <subfield code="r">2020-06-25</subfield>
    <subfield code="t">v.4, e.2</subfield>
    <subfield code="w">2020-06-25</subfield>
    <subfield code="y">ISSUE</subfield>
  </datafield>
  <datafield tag="952" ind1=" " ind2=" ">
    <subfield code="0">0</subfield>
    <subfield code="1">0</subfield>
    <subfield code="2">ddc</subfield>
    <subfield code="4">0</subfield>
    <subfield code="5">6</subfield>
    <subfield code="7">0</subfield>
    <subfield code="8">SE</subfield>
    <subfield code="a">BNPHU</subfield>
    <subfield code="b">BNPHU</subfield>
    <subfield code="c">HD</subfield>
    <subfield code="d">2011-04-12</subfield>
    <subfield code="h">Colecci&#xF3;n No. 1</subfield>
    <subfield code="p">28801-10</subfield>
    <subfield code="r">2020-06-25</subfield>
    <subfield code="t">v.1</subfield>
    <subfield code="w">2020-06-25</subfield>
    <subfield code="y">ISSUE</subfield>
  </datafield>
  <datafield tag="952" ind1=" " ind2=" ">
    <subfield code="0">0</subfield>
    <subfield code="1">0</subfield>
    <subfield code="2">ddc</subfield>
    <subfield code="4">0</subfield>
    <subfield code="5">6</subfield>
    <subfield code="7">0</subfield>
    <subfield code="8">SE</subfield>
    <subfield code="a">BNPHU</subfield>
    <subfield code="b">BNPHU</subfield>
    <subfield code="c">HD</subfield>
    <subfield code="d">2011-04-12</subfield>
    <subfield code="h">Colecci&#xF3;n No. 2</subfield>
    <subfield code="p">28801-20</subfield>
    <subfield code="r">2020-06-25</subfield>
    <subfield code="t">v.2</subfield>
    <subfield code="w">2020-06-25</subfield>
    <subfield code="y">ISSUE</subfield>
  </datafield>
  <datafield tag="952" ind1=" " ind2=" ">
    <subfield code="0">0</subfield>
    <subfield code="1">0</subfield>
    <subfield code="2">ddc</subfield>
    <subfield code="4">0</subfield>
    <subfield code="5">6</subfield>
    <subfield code="7">0</subfield>
    <subfield code="8">SE</subfield>
    <subfield code="a">BNPHU</subfield>
    <subfield code="b">BNPHU</subfield>
    <subfield code="c">HD</subfield>
    <subfield code="d">2022-10-05</subfield>
    <subfield code="e">Dep&#xF3;sito Legal</subfield>
    <subfield code="h">Colecci&#xF3;n No. 4</subfield>
    <subfield code="p">2022-4213</subfield>
    <subfield code="r">2022-10-05</subfield>
    <subfield code="t">v.4</subfield>
    <subfield code="w">2022-10-05</subfield>
    <subfield code="y">ISSUE</subfield>
  </datafield>
  <datafield tag="952" ind1=" " ind2=" ">
    <subfield code="0">0</subfield>
    <subfield code="1">0</subfield>
    <subfield code="2">ddc</subfield>
    <subfield code="4">0</subfield>
    <subfield code="5">6</subfield>
    <subfield code="7">0</subfield>
    <subfield code="8">SE</subfield>
    <subfield code="a">BNPHU</subfield>
    <subfield code="b">BNPHU</subfield>
    <subfield code="c">HD</subfield>
    <subfield code="d">2022-10-05</subfield>
    <subfield code="e">Dep&#xF3;sito Legal </subfield>
    <subfield code="h">Colecci&#xF3;n No. 5</subfield>
    <subfield code="p">2022-4214</subfield>
    <subfield code="r">2022-10-05</subfield>
    <subfield code="t">v.5</subfield>
    <subfield code="w">2022-10-05</subfield>
    <subfield code="y">ISSUE</subfield>
  </datafield>
  <datafield tag="952" ind1=" " ind2=" ">
    <subfield code="0">0</subfield>
    <subfield code="1">0</subfield>
    <subfield code="2">ddc</subfield>
    <subfield code="4">0</subfield>
    <subfield code="5">6</subfield>
    <subfield code="7">0</subfield>
    <subfield code="8">SE</subfield>
    <subfield code="a">BNPHU</subfield>
    <subfield code="b">BNPHU</subfield>
    <subfield code="c">HD</subfield>
    <subfield code="d">2022-10-05</subfield>
    <subfield code="e">Dep&#xF3;sito Legal</subfield>
    <subfield code="h">Colecci&#xF3;n No. 5</subfield>
    <subfield code="p">2022-4215</subfield>
    <subfield code="r">2022-10-05</subfield>
    <subfield code="t">v.5, e.2</subfield>
    <subfield code="w">2022-10-05</subfield>
    <subfield code="y">ISSUE</subfield>
  </datafield>
  <datafield tag="952" ind1=" " ind2=" ">
    <subfield code="0">0</subfield>
    <subfield code="1">0</subfield>
    <subfield code="2">ddc</subfield>
    <subfield code="4">0</subfield>
    <subfield code="5">6</subfield>
    <subfield code="7">0</subfield>
    <subfield code="8">SE</subfield>
    <subfield code="a">BNPHU</subfield>
    <subfield code="b">BNPHU</subfield>
    <subfield code="c">HD</subfield>
    <subfield code="d">2022-10-05</subfield>
    <subfield code="e">Dep&#xF3;sito Legal</subfield>
    <subfield code="h">Colecci&#xF3;n No. 5</subfield>
    <subfield code="p">2022-4216</subfield>
    <subfield code="r">2022-10-05</subfield>
    <subfield code="t">v.5, e.3</subfield>
    <subfield code="w">2022-10-05</subfield>
    <subfield code="y">ISSUE</subfield>
  </datafield>
  <datafield tag="952" ind1=" " ind2=" ">
    <subfield code="0">0</subfield>
    <subfield code="1">0</subfield>
    <subfield code="2">ddc</subfield>
    <subfield code="4">0</subfield>
    <subfield code="5">6</subfield>
    <subfield code="7">0</subfield>
    <subfield code="8">SE</subfield>
    <subfield code="a">BNPHU</subfield>
    <subfield code="b">BNPHU</subfield>
    <subfield code="c">HD</subfield>
    <subfield code="d">2022-10-05</subfield>
    <subfield code="e">Dep&#xF3;sito Legal</subfield>
    <subfield code="h">Colecci&#xF3;n No. 11</subfield>
    <subfield code="p">2022-4217</subfield>
    <subfield code="r">2022-10-05</subfield>
    <subfield code="t">v.11</subfield>
    <subfield code="w">2022-10-05</subfield>
    <subfield code="y">ISSUE</subfield>
  </datafield>
  <datafield tag="952" ind1=" " ind2=" ">
    <subfield code="0">0</subfield>
    <subfield code="1">0</subfield>
    <subfield code="2">ddc</subfield>
    <subfield code="4">0</subfield>
    <subfield code="5">6</subfield>
    <subfield code="7">0</subfield>
    <subfield code="8">SE</subfield>
    <subfield code="a">BNPHU</subfield>
    <subfield code="b">BNPHU</subfield>
    <subfield code="c">HD</subfield>
    <subfield code="d">2022-10-05</subfield>
    <subfield code="e">Dep&#xF3;sito Legal</subfield>
    <subfield code="h">Colecci&#xF3;n No. 11</subfield>
    <subfield code="p">2022-4218</subfield>
    <subfield code="r">2022-10-05</subfield>
    <subfield code="t">v.11, e.2</subfield>
    <subfield code="w">2022-10-05</subfield>
    <subfield code="y">ISSUE</subfield>
  </datafield>
  <datafield tag="952" ind1=" " ind2=" ">
    <subfield code="0">0</subfield>
    <subfield code="1">0</subfield>
    <subfield code="2">ddc</subfield>
    <subfield code="4">0</subfield>
    <subfield code="5">6</subfield>
    <subfield code="7">0</subfield>
    <subfield code="8">SE</subfield>
    <subfield code="a">BNPHU</subfield>
    <subfield code="b">BNPHU</subfield>
    <subfield code="c">HD</subfield>
    <subfield code="d">2022-10-05</subfield>
    <subfield code="e">Dep&#xF3;sito Legal</subfield>
    <subfield code="h">Colecci&#xF3;n No. 12</subfield>
    <subfield code="p">2022-4219</subfield>
    <subfield code="r">2022-10-05</subfield>
    <subfield code="t">v.12</subfield>
    <subfield code="w">2022-10-05</subfield>
    <subfield code="y">ISSUE</subfield>
  </datafield>
  <datafield tag="952" ind1=" " ind2=" ">
    <subfield code="0">0</subfield>
    <subfield code="1">0</subfield>
    <subfield code="2">ddc</subfield>
    <subfield code="4">0</subfield>
    <subfield code="5">6</subfield>
    <subfield code="7">0</subfield>
    <subfield code="8">SE</subfield>
    <subfield code="a">BNPHU</subfield>
    <subfield code="b">BNPHU</subfield>
    <subfield code="c">HD</subfield>
    <subfield code="d">2022-10-05</subfield>
    <subfield code="e">Dep&#xF3;sito Legal</subfield>
    <subfield code="h">Colecci&#xF3;n No. 12</subfield>
    <subfield code="p">2022-4220</subfield>
    <subfield code="r">2022-10-05</subfield>
    <subfield code="t">v.12, e.2</subfield>
    <subfield code="w">2022-10-05</subfield>
    <subfield code="y">ISSUE</subfield>
  </datafield>
  <datafield tag="952" ind1=" " ind2=" ">
    <subfield code="0">0</subfield>
    <subfield code="1">0</subfield>
    <subfield code="2">ddc</subfield>
    <subfield code="4">0</subfield>
    <subfield code="5">6</subfield>
    <subfield code="7">0</subfield>
    <subfield code="8">SE</subfield>
    <subfield code="a">BNPHU</subfield>
    <subfield code="b">BNPHU</subfield>
    <subfield code="c">HD</subfield>
    <subfield code="d">2022-10-05</subfield>
    <subfield code="e">Dep&#xF3;sito Legal</subfield>
    <subfield code="h">Colecci&#xF3;n No. 13</subfield>
    <subfield code="p">2022-4221</subfield>
    <subfield code="r">2022-10-05</subfield>
    <subfield code="t">v.13</subfield>
    <subfield code="w">2022-10-05</subfield>
    <subfield code="y">ISSUE</subfield>
  </datafield>
  <datafield tag="952" ind1=" " ind2=" ">
    <subfield code="0">0</subfield>
    <subfield code="1">0</subfield>
    <subfield code="2">ddc</subfield>
    <subfield code="4">0</subfield>
    <subfield code="5">6</subfield>
    <subfield code="7">0</subfield>
    <subfield code="8">SE</subfield>
    <subfield code="a">BNPHU</subfield>
    <subfield code="b">BNPHU</subfield>
    <subfield code="c">HD</subfield>
    <subfield code="d">2022-10-05</subfield>
    <subfield code="e">Dep&#xF3;sito Legal</subfield>
    <subfield code="h">Colecci&#xF3;n No. 13</subfield>
    <subfield code="p">2022-4222</subfield>
    <subfield code="r">2022-10-05</subfield>
    <subfield code="t">v.13, e.2</subfield>
    <subfield code="w">2022-10-05</subfield>
    <subfield code="y">ISSUE</subfield>
  </datafield>
  <datafield tag="952" ind1=" " ind2=" ">
    <subfield code="0">0</subfield>
    <subfield code="1">0</subfield>
    <subfield code="2">ddc</subfield>
    <subfield code="4">0</subfield>
    <subfield code="5">6</subfield>
    <subfield code="7">0</subfield>
    <subfield code="8">SE</subfield>
    <subfield code="a">BNPHU</subfield>
    <subfield code="b">BNPHU</subfield>
    <subfield code="c">HD</subfield>
    <subfield code="d">2022-10-05</subfield>
    <subfield code="e">Dep&#xF3;sito Legal</subfield>
    <subfield code="h">Colecci&#xF3;n No. 13</subfield>
    <subfield code="p">2022-4223</subfield>
    <subfield code="r">2022-10-05</subfield>
    <subfield code="t">v.13, e.3</subfield>
    <subfield code="w">2022-10-05</subfield>
    <subfield code="y">ISSUE</subfield>
  </datafield>
  <datafield tag="952" ind1=" " ind2=" ">
    <subfield code="0">0</subfield>
    <subfield code="1">0</subfield>
    <subfield code="2">ddc</subfield>
    <subfield code="4">0</subfield>
    <subfield code="5">6</subfield>
    <subfield code="7">0</subfield>
    <subfield code="8">SE</subfield>
    <subfield code="a">BNPHU</subfield>
    <subfield code="b">BNPHU</subfield>
    <subfield code="c">HD</subfield>
    <subfield code="d">2022-10-05</subfield>
    <subfield code="e">Dep&#xF3;sito Legal</subfield>
    <subfield code="h">Colecci&#xF3;n No. 14</subfield>
    <subfield code="p">2022-4224</subfield>
    <subfield code="r">2022-10-05</subfield>
    <subfield code="t">v.14</subfield>
    <subfield code="w">2022-10-05</subfield>
    <subfield code="y">ISSUE</subfield>
  </datafield>
  <datafield tag="952" ind1=" " ind2=" ">
    <subfield code="0">0</subfield>
    <subfield code="1">0</subfield>
    <subfield code="2">ddc</subfield>
    <subfield code="4">0</subfield>
    <subfield code="5">6</subfield>
    <subfield code="7">0</subfield>
    <subfield code="8">SE</subfield>
    <subfield code="a">BNPHU</subfield>
    <subfield code="b">BNPHU</subfield>
    <subfield code="c">HD</subfield>
    <subfield code="d">2022-10-05</subfield>
    <subfield code="e">Dep&#xF3;sito Legal</subfield>
    <subfield code="h">Colecci&#xF3;n No. 14</subfield>
    <subfield code="p">2022-4225</subfield>
    <subfield code="r">2022-10-05</subfield>
    <subfield code="t">v.14, e.2</subfield>
    <subfield code="w">2022-10-05</subfield>
    <subfield code="y">ISSUE</subfield>
  </datafield>
  <datafield tag="952" ind1=" " ind2=" ">
    <subfield code="0">0</subfield>
    <subfield code="1">0</subfield>
    <subfield code="2">ddc</subfield>
    <subfield code="4">0</subfield>
    <subfield code="5">6</subfield>
    <subfield code="7">0</subfield>
    <subfield code="8">SE</subfield>
    <subfield code="a">BNPHU</subfield>
    <subfield code="b">BNPHU</subfield>
    <subfield code="c">HD</subfield>
    <subfield code="d">2022-10-05</subfield>
    <subfield code="e">Dep&#xF3;sito Legal</subfield>
    <subfield code="h">Colecci&#xF3;n No. 14</subfield>
    <subfield code="p">2022-4226</subfield>
    <subfield code="r">2022-10-05</subfield>
    <subfield code="t">v.14, e. 3</subfield>
    <subfield code="w">2022-10-05</subfield>
    <subfield code="y">ISSUE</subfield>
  </datafield>
  <datafield tag="952" ind1=" " ind2=" ">
    <subfield code="0">0</subfield>
    <subfield code="1">0</subfield>
    <subfield code="2">ddc</subfield>
    <subfield code="4">0</subfield>
    <subfield code="5">6</subfield>
    <subfield code="7">0</subfield>
    <subfield code="8">SE</subfield>
    <subfield code="a">BNPHU</subfield>
    <subfield code="b">BNPHU</subfield>
    <subfield code="c">HD</subfield>
    <subfield code="d">2022-10-05</subfield>
    <subfield code="e">Dep&#xF3;sito Legal</subfield>
    <subfield code="h">Colecci&#xF3;n No. 15</subfield>
    <subfield code="p">2022-4227</subfield>
    <subfield code="r">2022-10-05</subfield>
    <subfield code="t">v.15</subfield>
    <subfield code="w">2022-10-05</subfield>
    <subfield code="y">ISSUE</subfield>
  </datafield>
  <datafield tag="952" ind1=" " ind2=" ">
    <subfield code="0">0</subfield>
    <subfield code="1">0</subfield>
    <subfield code="2">ddc</subfield>
    <subfield code="4">0</subfield>
    <subfield code="5">6</subfield>
    <subfield code="7">0</subfield>
    <subfield code="8">SE</subfield>
    <subfield code="a">BNPHU</subfield>
    <subfield code="b">BNPHU</subfield>
    <subfield code="c">HD</subfield>
    <subfield code="d">2022-10-05</subfield>
    <subfield code="h">Colecci&#xF3;n No. 15</subfield>
    <subfield code="p">2022-4228</subfield>
    <subfield code="r">2022-10-05</subfield>
    <subfield code="t">v.15, e.2</subfield>
    <subfield code="w">2022-10-05</subfield>
    <subfield code="y">ISSUE</subfield>
  </datafield>
  <datafield tag="952" ind1=" " ind2=" ">
    <subfield code="0">0</subfield>
    <subfield code="1">0</subfield>
    <subfield code="2">ddc</subfield>
    <subfield code="4">0</subfield>
    <subfield code="5">6</subfield>
    <subfield code="7">0</subfield>
    <subfield code="8">SE</subfield>
    <subfield code="a">BNPHU</subfield>
    <subfield code="b">BNPHU</subfield>
    <subfield code="c">HD</subfield>
    <subfield code="d">2022-10-05</subfield>
    <subfield code="e">Dep&#xF3;sito Legal</subfield>
    <subfield code="h">Colecci&#xF3;n No. 15</subfield>
    <subfield code="p">2022-4229</subfield>
    <subfield code="r">2022-10-05</subfield>
    <subfield code="t">v.15, e.3</subfield>
    <subfield code="w">2022-10-05</subfield>
    <subfield code="y">ISSUE</subfield>
  </datafield>
  <datafield tag="952" ind1=" " ind2=" ">
    <subfield code="0">0</subfield>
    <subfield code="1">0</subfield>
    <subfield code="2">ddc</subfield>
    <subfield code="4">0</subfield>
    <subfield code="5">6</subfield>
    <subfield code="7">0</subfield>
    <subfield code="8">SE</subfield>
    <subfield code="a">BNPHU</subfield>
    <subfield code="b">BNPHU</subfield>
    <subfield code="c">HD</subfield>
    <subfield code="d">2023-01-24</subfield>
    <subfield code="h">Colecci&#xF3;n No. 15</subfield>
    <subfield code="p">2023-0386</subfield>
    <subfield code="r">2023-01-24</subfield>
    <subfield code="t">v.17</subfield>
    <subfield code="w">2023-01-24</subfield>
    <subfield code="y">ISSUE</subfield>
  </datafield>
  <datafield tag="952" ind1=" " ind2=" ">
    <subfield code="0">0</subfield>
    <subfield code="1">0</subfield>
    <subfield code="2">ddc</subfield>
    <subfield code="4">0</subfield>
    <subfield code="5">6</subfield>
    <subfield code="7">0</subfield>
    <subfield code="8">SE</subfield>
    <subfield code="a">BNPHU</subfield>
    <subfield code="b">BNPHU</subfield>
    <subfield code="c">HD</subfield>
    <subfield code="d">2023-01-24</subfield>
    <subfield code="e">Dep&#xF3;sito Legal </subfield>
    <subfield code="h">Colecci&#xF3;n No. 17</subfield>
    <subfield code="p">2023-0388</subfield>
    <subfield code="r">2023-01-24</subfield>
    <subfield code="t">v.17, e 2</subfield>
    <subfield code="w">2023-01-24</subfield>
    <subfield code="y">ISSUE</subfield>
  </datafield>
  <datafield tag="952" ind1=" " ind2=" ">
    <subfield code="0">0</subfield>
    <subfield code="1">0</subfield>
    <subfield code="2">ddc</subfield>
    <subfield code="4">0</subfield>
    <subfield code="5">6</subfield>
    <subfield code="7">0</subfield>
    <subfield code="8">SE</subfield>
    <subfield code="a">BNPHU</subfield>
    <subfield code="b">BNPHU</subfield>
    <subfield code="c">HD</subfield>
    <subfield code="d">2023-01-24</subfield>
    <subfield code="h">Colecci&#xF3;n No. 17</subfield>
    <subfield code="p">2023-0389</subfield>
    <subfield code="r">2023-01-24</subfield>
    <subfield code="t">v.17, e.3</subfield>
    <subfield code="w">2023-01-24</subfield>
    <subfield code="y">ISSUE</subfield>
  </datafield>
  <datafield tag="952" ind1=" " ind2=" ">
    <subfield code="0">0</subfield>
    <subfield code="1">0</subfield>
    <subfield code="2">ddc</subfield>
    <subfield code="4">0</subfield>
    <subfield code="5">6</subfield>
    <subfield code="7">0</subfield>
    <subfield code="8">SE</subfield>
    <subfield code="a">BNPHU</subfield>
    <subfield code="b">BNPHU</subfield>
    <subfield code="c">HD</subfield>
    <subfield code="d">2022-05-19</subfield>
    <subfield code="h">Colecci&#xF3;n No. 12</subfield>
    <subfield code="l">0</subfield>
    <subfield code="p">2023-5929</subfield>
    <subfield code="r">2023-09-15</subfield>
    <subfield code="t">v.12, e. 3</subfield>
    <subfield code="w">2022-10-05</subfield>
    <subfield code="y">ISSUE</subfield>
    <subfield code="z">Ubi Rivas.</subfield>
  </datafield>
  <datafield tag="952" ind1=" " ind2=" ">
    <subfield code="0">0</subfield>
    <subfield code="1">0</subfield>
    <subfield code="2">ddc</subfield>
    <subfield code="4">0</subfield>
    <subfield code="5">6</subfield>
    <subfield code="7">0</subfield>
    <subfield code="8">SE</subfield>
    <subfield code="a">BNPHU</subfield>
    <subfield code="b">BNPHU</subfield>
    <subfield code="c">HD</subfield>
    <subfield code="d">2022-05-19</subfield>
    <subfield code="h">Colecci&#xF3;n No. 13</subfield>
    <subfield code="l">0</subfield>
    <subfield code="p">2023-5930</subfield>
    <subfield code="r">2023-09-15</subfield>
    <subfield code="t">v.13, e. 4</subfield>
    <subfield code="w">2022-10-05</subfield>
    <subfield code="y">ISSUE</subfield>
    <subfield code="z">Uri Rivas.</subfield>
  </datafield>
  <datafield tag="952" ind1=" " ind2=" ">
    <subfield code="0">0</subfield>
    <subfield code="1">0</subfield>
    <subfield code="2">ddc</subfield>
    <subfield code="4">0</subfield>
    <subfield code="5">6</subfield>
    <subfield code="7">0</subfield>
    <subfield code="8">SE</subfield>
    <subfield code="a">BNPHU</subfield>
    <subfield code="b">BNPHU</subfield>
    <subfield code="c">HD</subfield>
    <subfield code="d">2018-07-12</subfield>
    <subfield code="h">Colecci&#xF3;n No. 16</subfield>
    <subfield code="l">0</subfield>
    <subfield code="p">2024-1143</subfield>
    <subfield code="r">2024-02-20</subfield>
    <subfield code="t">v.16</subfield>
    <subfield code="w">2022-10-05</subfield>
    <subfield code="y">ISSUE</subfield>
    <subfield code="z">Cuqui C&#xF3;rdoba.</subfield>
  </datafield>
  <datafield tag="952" ind1=" " ind2=" ">
    <subfield code="0">0</subfield>
    <subfield code="1">0</subfield>
    <subfield code="2">ddc</subfield>
    <subfield code="4">0</subfield>
    <subfield code="5">6</subfield>
    <subfield code="7">0</subfield>
    <subfield code="8">SE</subfield>
    <subfield code="a">BNPHU</subfield>
    <subfield code="b">BNPHU</subfield>
    <subfield code="c">HD</subfield>
    <subfield code="d">2018-07-12</subfield>
    <subfield code="h">Colecci&#xF3;n No. 16</subfield>
    <subfield code="l">0</subfield>
    <subfield code="p">2024-1144</subfield>
    <subfield code="r">2024-02-20</subfield>
    <subfield code="t">v.16, e. 2</subfield>
    <subfield code="w">2022-10-05</subfield>
    <subfield code="y">ISSUE</subfield>
    <subfield code="z">Cuqui C&#xF3;rdoba.</subfield>
  </datafield>
  <datafield tag="952" ind1=" " ind2=" ">
    <subfield code="0">0</subfield>
    <subfield code="1">0</subfield>
    <subfield code="2">ddc</subfield>
    <subfield code="4">0</subfield>
    <subfield code="5">6</subfield>
    <subfield code="7">0</subfield>
    <subfield code="8">SE</subfield>
    <subfield code="a">BNPHU</subfield>
    <subfield code="b">BNPHU</subfield>
    <subfield code="c">HD</subfield>
    <subfield code="d">2018-07-12</subfield>
    <subfield code="h">Colecci&#xF3;n No. 16</subfield>
    <subfield code="l">0</subfield>
    <subfield code="p">2024-1145</subfield>
    <subfield code="r">2024-02-20</subfield>
    <subfield code="t">v.16, e. 3</subfield>
    <subfield code="w">2022-10-05</subfield>
    <subfield code="y">ISSUE</subfield>
    <subfield code="z">Cuqui C&#xF3;rdoba.</subfield>
  </datafield>
  <datafield tag="952" ind1=" " ind2=" ">
    <subfield code="0">0</subfield>
    <subfield code="1">0</subfield>
    <subfield code="2">ddc</subfield>
    <subfield code="4">0</subfield>
    <subfield code="5">6</subfield>
    <subfield code="7">0</subfield>
    <subfield code="8">SE</subfield>
    <subfield code="a">BNPHU</subfield>
    <subfield code="b">BNPHU</subfield>
    <subfield code="d">2025-07-18</subfield>
    <subfield code="h">Colecci&#xF3;n No. 8</subfield>
    <subfield code="l">0</subfield>
    <subfield code="p">2025-6787</subfield>
    <subfield code="r">2025-07-18</subfield>
    <subfield code="t">e.1</subfield>
    <subfield code="w">2025-07-18</subfield>
    <subfield code="y">ISSUE</subfield>
    <subfield code="z">Mateo Rojas Alou.</subfield>
  </datafield>
  <datafield tag="952" ind1=" " ind2=" ">
    <subfield code="0">0</subfield>
    <subfield code="1">0</subfield>
    <subfield code="2">ddc</subfield>
    <subfield code="4">0</subfield>
    <subfield code="5">6</subfield>
    <subfield code="7">0</subfield>
    <subfield code="8">SE</subfield>
    <subfield code="a">BNPHU</subfield>
    <subfield code="b">BNPHU</subfield>
    <subfield code="d">2025-07-18</subfield>
    <subfield code="h">Colecci&#xF3;n No. 8</subfield>
    <subfield code="l">0</subfield>
    <subfield code="p">2025-6788</subfield>
    <subfield code="r">2025-07-18</subfield>
    <subfield code="t">e.2</subfield>
    <subfield code="w">2025-07-18</subfield>
    <subfield code="y">ISSUE</subfield>
    <subfield code="z">Mateo Rojas Alou.</subfield>
  </datafield>
  <datafield tag="952" ind1=" " ind2=" ">
    <subfield code="0">0</subfield>
    <subfield code="1">0</subfield>
    <subfield code="2">ddc</subfield>
    <subfield code="4">0</subfield>
    <subfield code="5">6</subfield>
    <subfield code="7">0</subfield>
    <subfield code="8">SE</subfield>
    <subfield code="a">BNPHU</subfield>
    <subfield code="b">BNPHU</subfield>
    <subfield code="d">2025-07-18</subfield>
    <subfield code="h">Colecci&#xF3;n No. 8</subfield>
    <subfield code="l">0</subfield>
    <subfield code="p">2025-6789</subfield>
    <subfield code="r">2025-07-18</subfield>
    <subfield code="t">e.3</subfield>
    <subfield code="w">2025-07-18</subfield>
    <subfield code="y">ISSUE</subfield>
    <subfield code="z">Mateo Rojas Alou.</subfield>
  </datafield>
  <datafield tag="952" ind1=" " ind2=" ">
    <subfield code="0">0</subfield>
    <subfield code="1">0</subfield>
    <subfield code="2">ddc</subfield>
    <subfield code="4">0</subfield>
    <subfield code="5">6</subfield>
    <subfield code="7">0</subfield>
    <subfield code="8">SE</subfield>
    <subfield code="a">BNPHU</subfield>
    <subfield code="b">BNPHU</subfield>
    <subfield code="d">2025-07-18</subfield>
    <subfield code="h">Colecci&#xF3;n No. 8</subfield>
    <subfield code="l">0</subfield>
    <subfield code="p">2025-6790</subfield>
    <subfield code="r">2025-07-18</subfield>
    <subfield code="t">e.4</subfield>
    <subfield code="w">2025-07-18</subfield>
    <subfield code="y">ISSUE</subfield>
    <subfield code="z">Mateo Rojas Alou.</subfield>
  </datafield>
  <datafield tag="952" ind1=" " ind2=" ">
    <subfield code="0">0</subfield>
    <subfield code="1">0</subfield>
    <subfield code="2">ddc</subfield>
    <subfield code="4">0</subfield>
    <subfield code="5">6</subfield>
    <subfield code="7">0</subfield>
    <subfield code="8">SE</subfield>
    <subfield code="a">BNPHU</subfield>
    <subfield code="b">BNPHU</subfield>
    <subfield code="d">2025-07-18</subfield>
    <subfield code="h">Colecci&#xF3;n No. 8</subfield>
    <subfield code="l">0</subfield>
    <subfield code="p">2025-6791</subfield>
    <subfield code="r">2025-07-18</subfield>
    <subfield code="t">e.5</subfield>
    <subfield code="w">2025-07-18</subfield>
    <subfield code="y">ISSUE</subfield>
    <subfield code="z">Mateo Rojas Alou.</subfield>
  </datafield>
  <datafield tag="952" ind1=" " ind2=" ">
    <subfield code="0">0</subfield>
    <subfield code="1">0</subfield>
    <subfield code="2">ddc</subfield>
    <subfield code="4">0</subfield>
    <subfield code="5">6</subfield>
    <subfield code="7">0</subfield>
    <subfield code="8">SE</subfield>
    <subfield code="a">BNPHU</subfield>
    <subfield code="b">BNPHU</subfield>
    <subfield code="d">2025-07-18</subfield>
    <subfield code="h">Colecci&#xF3;n No. 10</subfield>
    <subfield code="l">0</subfield>
    <subfield code="p">2025-6792</subfield>
    <subfield code="r">2025-07-18</subfield>
    <subfield code="t">e.1</subfield>
    <subfield code="w">2025-07-18</subfield>
    <subfield code="y">ISSUE</subfield>
    <subfield code="z">Chilotes Llenas.</subfield>
  </datafield>
  <datafield tag="952" ind1=" " ind2=" ">
    <subfield code="0">0</subfield>
    <subfield code="1">0</subfield>
    <subfield code="2">ddc</subfield>
    <subfield code="4">0</subfield>
    <subfield code="5">6</subfield>
    <subfield code="7">0</subfield>
    <subfield code="8">SE</subfield>
    <subfield code="a">BNPHU</subfield>
    <subfield code="b">BNPHU</subfield>
    <subfield code="d">2025-07-18</subfield>
    <subfield code="h">Colecci&#xF3;n No. 11</subfield>
    <subfield code="l">0</subfield>
    <subfield code="p">2025-6793</subfield>
    <subfield code="r">2025-07-18</subfield>
    <subfield code="t">e.3</subfield>
    <subfield code="w">2025-07-18</subfield>
    <subfield code="y">ISSUE</subfield>
    <subfield code="z">Venturas Escalante.</subfield>
  </datafield>
  <datafield tag="999" ind1=" " ind2=" ">
    <subfield code="c">28293</subfield>
    <subfield code="d">28293</subfield>
  </datafield>
</record>
